000 00575nam a2200181 4500
005 20250214062521.0
999 _c4288
_d4288
008 160903b xxu||||| |||| 00| 0 eng d
022 _a2094-8042
082 _aDPer 370.105 M72 Jan-Dec 2012 v. 60-61
100 _914018
_aPaloma, Epifania N.
243 _aThe modern teacher
245 _aSome famous men of science/
_cEpifania N. Paloma.
260 _aPhilippines:
_bIn the Grade School, Inc.,
_c©2012.
300 _av61 n2, pages 53-54;
_c28 cm.
500 _aThe Modern Teacher.
650 0 _aCelebrities.
_914019
942 _2ddc
_cPER